Estadísticas para Prueba de Canarias

Haz click aquí para intentar la prueba.

Estadísticas generales

  • Esta prueba ha sido intentada 1.731 veces
  • La puntuación promedio es 13 de 16

Estadísticas de respuestas

PreguntaRespuesta% Correcto
País más cercanoMarruecos
97%
Islas principalesTenerife
96%
Pico más alto de EspañaTeide
93%
Islas principalesGran Canaria
92%
CapitalesLas Palmas
90%
Islas principalesLa Palma
89%
Islas principalesEl Hierro
87%
Islas principalesLa Gomera
86%
Cuerpo de agua en que se encuentra CanariasOcéano Atlántico
86%
Islas principalesLanzarote
85%
CapitalesSanta Cruz
84%
Islas principalesFuerteventura
83%
La salsa canaria más famosaMojo picón
70%
Islas principalesLa Graciosa
60%
Nombre coloquial de los aborígenes canariosGuanches
50%
Deporte popular oriundo de CanariasLucha canaria
42%

Distribución de puntuación

Porcentaje por número respondido

Porcentaje de gente con cada puntuación

Historial de tus puntuaciones

No has intentado esta prueba.